000 01154nac a22003737a 4500
001 BR6900518
003 BR-BrBNA
005 20240105113347.0
008 230509b bl.|||m| |||| 00| 0 por d
040 _aBR-BrBNA
_bpor
_cBiblioteca Nacional de Agricultura
072 _aH10
090 _a0430 BR6900518
100 1 _aCosta, D.S.
110 1 _aCoordenadoria de Assistencia Tecnica Integral, Campinas, SP (Brasil)
245 1 _aPrincipais pragas do algodoeiro [Gossypium hirsutum, acaro, broca, pulgao, trips, curuquere, percevejo, cigarrinha, besouro, sauva, erradicacao]
260 3 _aCampinas, SP (Brasil):
_c1969.
300 _a32 p.
490 _aInstrucoes Praticas - Coordenadoria de Assistencia Tecnica Integral (Brazil)
_vno. 55
_xISSN 0100-5111
500 _a44 illus.
650 _aALGODAO
650 _aINSETO
650 _aACARO
650 _aBROCA
650 _aPULGAO
650 _aTRIPS
650 _aCURUQUERE
650 _aPERCEVEJO
650 _aCIGARRINHA
650 _aBESOURO
650 _aSAUVA
650 _aERRADICACAO
909 _a202312
_bLúcia Elande
_c55
_dLúcia Elande
942 _2AGRIS
_n0
_cMS
999 _c263292
_d263292